Ak prídu politické tlaky, v tom momente odchádzam s riaditeľom Národného bezpečnostného úradu (NBÚ) Aurelom Ugorom

Bibliographic Details
Main Authors: Borčin, Ján (ain), Ugor, Aurel (Author, uin)
Format: Article
Language:Slovak
PhysicalDescription:Fotogr.
ISSN:1335-4671
Subjects:

MARC

LEADER 00000nab a2200000 a 4500
001 vtls000871216
003 SK-MaSNL
005 20260302162050.0
008 180205c2004 xo 0 slo
015 |a SNBRB2004/05-13525 
035 |a CLN000222768 
040 |a SNKBUCL  |b slo  |c SNKBUCL  |e AACR2 
041 0 |a slo 
044 |a xo  |c SK 
080 |a 351.74.07(437.6)  |2 UDC-MRF-SK2 
100 1 |a Borčin, Ján  |4 ain  |9 603520 
245 1 0 |a Ak prídu politické tlaky, v tom momente odchádzam  |b s riaditeľom Národného bezpečnostného úradu (NBÚ) Aurelom Ugorom  |c [zhováral sa] Ján Borčin 
300 |b Fotogr. 
610 1 7 |a Slovensko.  |b Národný bezpečnostný úrad  |2 snkbucl  |9 34946 
655 7 |a články z novín a časopisov  |2 snkbucl  |9 267496 
700 1 |a Ugor, Aurel  |4 aut  |4 uin  |9 861088 
773 0 |x 1335-4671  |t Národná obroda  |g Roč. XV, č. 77 (1.4.2004), s. 4 
850 |a Slovenská národná knižnica v Martine 
852 |a SNK  |b KIS3GCP 
958 |a RBX 
999 |c 1379021  |d 1380951